[Event "Ter Apel"]
[Site "Ter Apel"]
[Date "1997.03.18"]
[Round "2"]
[White "Jussupow, Artur"]
[Black "Van Wely, Loek"]
[Result "1-0"]
[WhiteElo "2665"]
[BlackElo "2645"]
[Annotator "Huzman,A"]
[PlyCount "173"]
[EventDate "1997.03.17"]
[EventType "tourn"]
[EventRounds "5"]
[EventCountry "NED"]
[EventCategory "16"]
[SourceTitle "CBM 058"]
[Source "ChessBase"]
[SourceDate "1997.06.01"]
[SourceVersion "1"]
[SourceVersionDate "1997.06.01"]
[SourceQuality "1"]

1. d4 {Hecht Jussupow} Nf6 2. Nf3 g6 3. c4 Bg7 4. Nc3 O-O 5. Bg5 d6 6. e3 a6 7.
Be2 c6 8. Rc1 $146 (8. O-O {-see games}) 8... b5 9. b3 Nbd7 10. O-O Qa5 (10...
b4 11. Na4 Ne4 12. Bh4 Bb7 13. Bd3 $14) 11. Qc2 Bb7 12. Rfd1 Rfe8 13. Bh4 Rac8
14. h3 h6 15. Bg3 {It's easier to manoeuvre for the white as they possess
greater space.Made by the black pawn advances lead to greater spase edge of
the white.} b4 16. Na4 c5 17. d5 Nb6 18. Nxb6 Qxb6 19. Bd3 {[%cal Re3e4,Re4e5]}
(19. Nd2 e6 20. dxe6 Rxe6 21. Bh4 Ne4 22. Nxe4 Bxe4 23. Bd3 Bc6 $11) 19... e5 (
19... e6 20. e4 $14) 20. Nd2 Qc7 (20... Nh7 $1 $132 {[%cal Gf7f5]} 21. e4 h5
$13) 21. Bh4 Nh7 22. g4 {[%cal Rf2f4,Rf4f5]} Qd7 23. Kg2 Ra8 24. Rf1 a5 25. f4
exf4 26. exf4 Nf6 27. Bxf6 $1 (27. f5 $6 g5 28. Bg3 a4 $132) 27... Bxf6 28. Ne4
Bd4 29. f5 $40 g5 30. f6 a4 31. Qe2 $1 {[%cal Rd3c2,Re2d3]} axb3 32. axb3 Ra3
33. Bc2 Re5 34. Qd3 {[%cal Re4d6,Rd3h7]} Kf8 35. Nd2 $1 {[%cal Rd3h7,Rd2f3]}
Ke8 36. Nf3 Kd8 37. Nxd4 cxd4 38. Qxd4 $16 {[%csl Rb7]} Qc7 39. Rf2 Ra2 40. Kg1
(40. Qd3 $142 $5 Qc5 41. Qh7 Qe3 42. Rd1 $16) 40... Qa5 41. Bf5 Qa7 42. Qxa7
Rxa7 43. Rf3 Ra2 44. Rcf1 Bc8 45. Bh7 (45. Bxc8 Kxc8 $132) 45... Bd7 46. R1f2
Ra1+ 47. Kg2 Kc7 48. Bg6 Be8 49. Bd3 $1 {[%csl Ga1,Gc7,Ge5,Re8][%cal Rf2e2,
Rf3e3,Re3e7] In spite of activeness of the black rooks and the black king the
white keep chances to win as Be8 is out of game.} Kb6 50. Re2 Kc5 51. Rxe5 dxe5
52. Bf5 Kd6 53. Re3 Ra2+ 54. Kf3 Ra1 55. Rd3 Ra6 56. Rd2 Ra3 57. Rb2 Ba4 58.
Bc2 Bd7 59. Ke4 Ra8 60. Bd3 Kc5 61. Bb1 $1 {[%cal Rb2a2]} h5 $1 $132 62. gxh5
Rh8 (62... Bxh3 {Hecht Jussupow} 63. Ra2 Re8 (63... Rxa2 $2 64. Bxa2 g4 65. Bb1
$1 g3 66. Ke3 $1 $18 (66. Kf3 $2 Bg4+)) 64. Ra7 $18) 63. Ra2 Rxh5 64. Ra7 {
[#] Ich setze früh auf, damit uns die scharfen taktischen Endspielwendungen
nicht entgehen. Von unserem thematischen Endspiel T vs. Bauer ist weit und
breit nichts zu shen.} g4 $1 (64... Bxh3 {Hecht Jussupow} 65. Kxe5 g4+ 66. Kf4
$18) 65. Rxd7 $1 (65. hxg4 Bxg4 $132 (65... Bxg4 {Hecht} 66. Ke3 {Es drohte
Lf5+} Rh3+ 67. Ke4 (67. Kf2 Rf3+ {oder Txb3}) (67. Kd2 Kd4 $1) 67... Rh5 {
führt zu gutem schwarzen Gegenspiel})) 65... gxh3 66. Ke3 Rh4 (66... h2 {
Hecht Jussupow} 67. Rc7+ Kb6 (67... Kd6 68. Rc6+ Kd7 69. Be4 h1=Q (69... Rh4 $2
70. Bf5+ Kd8 71. Rc8#) 70. Bxh1 Rxh1 71. Rb6 Rh3+ 72. Ke4 Rxb3 73. c5 Rb1 74.
Kxe5 b3 75. Rb7+ Kc8 76. c6 b2 77. Kd6 $18) 68. Rc6+ Ka5 (68... Ka7 69. Be4
Rh3+ 70. Kf2 Rxb3 71. d6 Rd3 72. Rc7+ Kb8 73. c5 Rd4 74. Rb7+ Kc8 75. c6) 69.
Be4 Rh3+ 70. Kf2 Rxb3 71. d6 Rd3 72. Rc5+ Kb6 73. Rd5 Rxd5 74. cxd5 Kb7 75. Kg2
$18) 67. Rc7+ (67. Be4 $2 {Hecht} Rxe4+ $1 68. Kxe4 h2 $19) 67... Kb6 (67...
Kd6 {Hecht} 68. Rc6+ Kd7 69. Bf5+ Kd8 70. Rc8#) 68. d6 h2 69. c5+ Ka5 70. Bd3
$1 Rh3+ 71. Kf2 Rxd3 72. Kg2 Rd2+ (72... Kb5 {Hecht Jussupow} 73. Kxh2 Rxb3 74.
Rxf7 $1 (74. d7 Rd3 75. c6 b3 76. Rc8 b2 77. d8=Q b1=Q 78. Rb8+ Kc4 $1 $11)
74... Kxc5 75. d7 Rd3 76. Rg7 b3 77. f7 $18) (72... Rxb3 {Hecht Jussupow} 73.
d7 Rd3 74. c6 Rd2+ 75. Kh1 e4 76. Rc8 $18) (72... Rh3 {Hecht Jussupow} 73. Kh1
Rxb3 74. d7 Rd3 75. c6 e4 76. Kxh2 (76. Rc8 e3 77. d8=Q+ Rxd8 78. Rxd8 b3 79.
Ra8+ Kb6 80. Rb8+ $18) 76... e3 77. Kg2 $18) 73. Kh1 Kb5 {[#] Schwarz hat sich
bestens verteidigt, kann aber nicht verhindern, daß er alsbald seinen Turm
hergeben muß.} (73... e4 {Hecht} 74. Rxf7 e3 75. Re7 e2 76. f7 $18) 74. Rxf7
Kxc5 75. Rf8 $1 $18 {Eine taktische Finesse. Nun scheitert Kxd6 an Td8+ und
Tf1 an d7.} Rxd6 76. Rc8+ Kd4 77. f7 Rf6 78. f8=Q Rxf8 79. Rxf8 {[#] Der
e-Bauer ist nicht stark genug. Kann Schwarz mit dem b-Bauern etwas erreichen?}
e4 (79... Kc3 80. Rf3+ Kd2 81. Kxh2 (81. Rh3 $1 {Hecht} e4 82. Kg2 (82. Rxh2+ {
Jussupow} Kd3 (82... Kd1 83. Rh3) 83. Rh3+ e3 84. Kg2 Kd2 85. Rh8 Kc3 86. Kf3
Kxb3 87. Kxe3 Kc2 88. Rc8+ $18) 82... e3 83. Kf3 $18) 81... e4 82. Rf8 Kc3 (
82... e3 83. Rd8+ Kc2 84. Kg2 Kxb3 85. Kf3 Kc2 86. Ke2 b3 87. Rc8+ Kb1 88. Kxe3
b2 89. Kd2 $18) 83. Kg3 Kxb3 84. Kf4 Kc2 85. Rc8+ Kd2 86. Rb8 $1 Kc3 87. Ke3 b3
88. Rc8+ Kb4 89. Kd2 $18) 80. Rc8 e3 81. Kxh2 e2 82. Re8 Kc3 83. Kg2 e1=Q (
83... Kxb3 84. Kf2 Kc2 85. Kxe2 $18) 84. Rxe1 Kxb3 85. Re8 {Sehr richtig. Der
Turm kommt von Hinten und der König von der Seite.} Kc2 86. Rc8+ Kd2 87. Rb8 (
87. Rb8 {Hecht Jussupow} Kc3 88. Kf2 b3 89. Ke2 b2 90. Kd1 $18) 1-0

[Event "Dortmund SuperGM 25th"]
[Site "Dortmund"]
[Date "1997.07.11"]
[Round "7"]
[White "Polgar, Judit"]
[Black "Jussupow, Artur"]
[Result "0-1"]
[WhiteElo "2670"]
[BlackElo "2640"]
[Annotator "Jussupow,A"]
[PlyCount "124"]
[EventDate "1997.07.04"]
[EventType "tourn"]
[EventRounds "9"]
[EventCountry "GER"]
[EventCategory "18"]
[SourceTitle "CBM 060"]
[Source "ChessBase"]
[SourceDate "1997.09.29"]
[SourceVersion "1"]
[SourceVersionDate "1997.09.29"]
[SourceQuality "1"]

1. e4 Nf6 2. e5 Nd5 3. d4 d6 4. Nf3 Bg4 5. Be2 e6 6. h3 Bh5 7. c4 Nb6 8. Nc3
Be7 9. d5 $6 exd5 (9... dxe5 $143 10. Nxe5 $36 (10. dxe6 $5)) 10. cxd5 dxe5 (
10... Bxf3 $143 11. Bxf3 dxe5 12. d6 $16) 11. g4 (11. Nxe5 Bxe2 12. Qxe2 O-O
$17 {[%csl Rd5]}) 11... Bg6 12. Nxe5 N8d7 13. Nxd7 Qxd7 (13... Nxd7 $5 14. Bf4
(14. Be3 O-O 15. Qd2 Re8) 14... O-O $32) 14. Bb5 c6 15. dxc6 bxc6 16. Qxd7+
Kxd7 17. Ba6 (17. Be2 $5 $11) 17... Bd6 (17... Z0 18. Bf4 $40 {/\0-0-0}) 18.
Be3 h5 19. Ke2 (19. O-O-O Kc7) 19... Rae8 {[%cal Ge8e2]} 20. a4 hxg4 21. a5 Nc8
(21... Nd5 $4 22. Nxd5 cxd5 23. Bb5+ $18) 22. hxg4 Rxh1 23. Rxh1 Bf4 24. Rd1+
Kc7 (24... Nd6 $2 25. Nb5 $1 $16 cxb5 $140 26. Bxb5+ Kc7 27. Bxe8 Bxe3 28. Rxd6
$18) 25. Rc1 $2 {Weiß hat seine Stellung überschätzt. Statt dessen müsste er
Remis forcieren.} (25. Nd5+ $142 $1 cxd5 26. Rc1+ Kd6 $1 (26... Kd7 $2 27. Bb5+
Kd8 28. Bxe8 $18) (26... Kb8 $2 27. Rxc8+ Rxc8 28. Bxf4+ Rc7 29. b4 $18) 27.
Rxc8 Rxc8 28. Bxf4+ Kd7 $11) (25. Nb5+ $142 $1 cxb5 (25... Kb8 $2 26. Rd8 Rxd8
27. Bxf4+ Ka8 28. Nc7+ Kb8 29. Ne6+ Rd6 30. Nxg7 $18) 26. Rc1+ Kd6 27. Rxc8
Rxc8 28. Bxf4+ Kd7 29. Bxc8+ Kxc8 $11) 25... Bxe3 26. Nd5+ Kd7 27. Nxe3 Nd6 $17
{[%csl Ra5,Rb2]} 28. Rd1 Kc7 29. Rd4 c5 30. Rd2 Kc6 31. Kf3 f6 32. Kg2 Re4 33.
b3 Rd4 34. Rb2 Be4+ (34... Bf7 $5 $17) 35. Kf1 Bf3 36. Be2 Bxe2+ 37. Kxe2 Kb5
38. Rc2 a6 39. Rc1 g5 $6 $138 {[%csl Rf6]} (39... Nb7 $142 40. Nc4 Rxg4 $19) (
39... Rb4 40. Rc3) 40. f3 Rb4 $6 (40... Nb7 $142 41. Nc4 Kb4) 41. Nd5 Rxb3 42.
Nxf6 c4 $17 43. Rd1 Kc6 $1 44. Nd5 Nb5 45. Ne7+ Kc7 $1 (45... Kc5 $2 46. Rd5+)
46. Nd5+ Kb7 47. Kf2 c3 48. f4 $5 (48. Rc1 Kc6 49. Nf6 Na3 50. Ne4 c2 51. Ke2
Rb5 $17) 48... gxf4 $1 (48... c2 $143 49. Rc1 Nd4 50. fxg5 $1 Rb1 51. Rxc2 Nxc2
52. g6 Kc6 53. Ne7+ Kc5 54. g7) 49. Nxf4 (49. Rc1 $5 $17) 49... c2 50. Rc1 Nd4
51. Ne2 $138 (51. Ke1 Rg3 $19) (51. Kg2 Rc3 52. Nd5 Rd3 $17) 51... Rf3+ 52. Kg2
Nxe2 53. Rxc2 Nd4 $1 $19 54. Rc4 (54. Rb2+ Rb3 55. Rxb3+ Nxb3 56. g5 Nxa5 57.
g6 Nc6 58. g7 Ne7 59. Kf3 Kc6 60. Ke4 Kd6 61. Kd3 (61. Kd4 Nf5+ {[%cal Rf5d4,
Rf5g7]}) 61... Ke6 62. Kc4 Kf7 63. Kc5 a5 $1 64. Kb5 Nc6 $19 {[%cal Gc6a5]})
54... Rd3 55. Rc5 Ne6 56. Re5 Nf4+ 57. Kf2 Kc6 58. Rf5 Ne6 59. g5 Rd5 $1 60.
Rxd5 (60. Rf6 Kd6 61. g6 Rxa5 $19) 60... Kxd5 61. g6 Ke4 $1 (61... Ke5 $2 62.
Ke3 Kf6 (62... Kf5 63. g7 Nxg7 64. Kd4 Ne6+ 65. Kd5 Nf4+ 66. Kc5 Nd3+ 67. Kb6
Nb4 68. Kc5 $11) 63. Ke4 Kxg6 64. Kd5 Kf5 65. Kc6 $11 {[%csl Ra6]}) 62. Kg3 (
62. Ke2 Nf4+ $19) (62. Ke1 Kf5 63. Kd2 Kxg6 64. Kd3 Kf5 65. Kc4 Ke5 $19) 62...
Nf4 $1 {[%cal Rf4g6,Yf4h5,Yh5g7,Yh5g3]} (62... Nf4 $1 63. g7 Nh5+ $19) 0-1